United States Cities Hit By F5/EF5 Tornadoes - Statistics

General Stats
  • This quiz has been taken 442 times
  • The average score is 17 of 59
Answer Stats
Year State Answer % Correct
1999 Oklahoma Moore
88%
2013 Oklahoma Moore
88%
2011 Missouri Joplin
83%
2011 Oklahoma El Reno
78%
2007 Kansas Greensburg
65%
1997 Texas Jarrel
64%
1974 Ohio Xenia
62%
1977 Alabama Birmingham
56%
2011 Alabama Hackleburg
53%
2008 Iowa Parkersburg
53%
1991 Kansas Andover
48%
1957 North Dakota Fargo
48%
1953 Texas Waco
48%
2011 Mississippi Smithville
47%
2011 Mississippi Preston
45%
2011 Alabama Rainsville
45%
1990 Illinois Plainfield
41%
1953 Michigan Flint
39%
1970 Texas Lubbock
36%
1974 Alabama Tanner
33%
1964 Texas Wichita Falls
32%
1966 Mississippi Jackson
29%
1985 Ohio Niles
28%
1966 Kansas Topeka
27%
1990 Kansas Hesston
26%
1974 Kentucky Brandenburg
25%
1974 Alabama Guin
25%
1955 Kansas Udall
25%
1992 Minnesota Chandler
22%
1990 Kansas Goessel
22%
1955 Oklahoma Blackwell
21%
1996 Wisconsin Oakfield
19%
1974 Ohio Sayler Park
19%
1076 Iowa Jordan
18%
1957 Missouri Ruskin Heights
18%
1956 Michigan Grand Rapids
17%
1953 Mississippi Vicksburg
17%
1984 Wisconsin Barneveld
16%
1968 Minnesota Tracy
16%
1982 Oklahoma Broken Bow
14%
1953 Iowa Adair
13%
1953 North Dakota Fort Rice
13%
1968 Iowa Charles City
12%
1998 Alabama Oak Grove
12%
1960 Oklahoma Prague
11%
1964 Nebraska Bradshaw
10%
1974 Indiana Daisy Hill
10%
1971 Louisiana Delhi
10%
1976 Oklahoma Spiro
10%
1957 Illinois Sunfield
10%
1973 Texas Valley Mills
9%
1966 Iowa Belmond
8%
1976 Texas Brownwood
8%
1958 Wisconsin Menomonie
8%
1998 Tennessee Waynesboro
8%
1968 Ohio Gallipolis
7%
1965 South Dakota Gregory
7%
1968 Iowa Maynard
6%
1974 Alabama Mount Hope
6%
No matching quizzes found
Score Distribution
Percent of People with Each Score
Percentile by Number Answered
Your Score History
You have not taken this quiz